| 000 | 00459nam a22001697a 4500 | ||
|---|---|---|---|
| 003 | NUST - PNEC | ||
| 005 | 20170116181139.0 | ||
| 008 | 151007b xxu||||| |||| 00| 0 eng d | ||
| 020 | _a0074604643 | ||
| 040 | _cLIBRARY | ||
| 082 | _a671.732 | ||
| 100 |
_914504 _aVarghese C. D |
||
| 245 |
_aElectroplating and other surface treatments : a practical guide _cV.C Varghese |
||
| 260 | _cc1993. | ||
| 650 |
_914506 _aMetals--Finishing _x- |
||
| 942 |
_2ddc _cBK |
||
| 999 |
_c70385 _d70385 |
||